=LDR 00000nam 2200000 4500 =001 INLIS000000000048643 =005 20210303092019 =035 ##$$a 0010-121600000000029 =008 210303###########################0###### =020 ##$$a 978-602-9281-09-5 =040 ##$$a NBPDMAT =082 ##$$a 551.484 959 865 1 =090 ##$$a 551.484 959 865 1$bAri w =100 ##$$a Ari Garmono =245 1#$$a Waterfall journey : $b Menyingkap pesona eksotisme air terjun di pulau Lombok /$c / Ari Garmono; editor, Mukhlis Muma Leon =260 ##$$a Mataram :$b Postmo Traveler,$c 2016 =300 ##$$a xiv, 87 hlm. : $b ilus. ; $c 25 cm =500 ##$$a Biografi : hlm. 87 =650 #4$$a Air Terjun - Lombok =700 #$$a Mukhlis Muma Leon =850 ##$$a NBPDMAT =990 ##$$a 21600780 =990 ##$$a 21600781 =990 ##$$a 21600782 =990 ##$$a 21600783 =990 ##$$a 21600784